Quiz Champions Cup saison 2021-2022. - Statistiques

Statistiques générales
  • Ce quiz a été pris 51 fois
  • Le résultat moyen est 7 sur 10
Statistiques - réponses
Question Réponse % Correct
Qui l'a remporté en 2022? Stade rochelais
98%
Quel club avait remporté la Coupe d'Europe au terme de la saison 2020-2021? Stade toulousain
96%
Face à quelle équipe? Leinster
93%
Quel club a remporté la Challenge Cup, division européenne inférieure à la Champions Cup? Lyon OU
80%
Combien de fois le club qui a remporté la coupe cette année l'a déjà remportée? (Celle de cette année comprise) 1
76%
Quel joueur a inscrit le plus d'essais durant la compétition? (10 essais) James Lowe (Leinster)
65%
Durant quel match y a-t-il eu le plus grand écart au score ? (82 points) Leinster - Montpellier
63%
Combien de clubs ont pris part à l'édition 2021-2022 de la Champions Cup? 24
61%
Qui a marqué le plus de point? (83 points) Jonathan Sexton (Leinster)
57%
Quel joueur a été désigné meilleur joueur européen de la saison? Josh Van der Flier (Leinster)
48%
Aucun quiz correspondant
Distribution des résultats
% des personnes avec chaque résultat
Percentile par nombre de réponses
Votre historique - résultats
Vous n’avez pas pris ce quiz